000 00345nam a2200145Ia 4500
008 090124s9999 xx 000 0 und d
082 _b303676
245 _a अदालत
250 _a1
260 _bकर्णिक हेमन
_c1998
300 _a224
630 _a अदालत
730 _a अदालत
942 _cBOOK
999 _c193313
_d193313